Normal view
MARC view
Entry Personal Name
001 - CONTROL NUMBER
- control field: 41841
003 - CONTROL NUMBER IDENTIFIER
- control field: ARRUPE
005 - DATE AND TIME OF LATEST TRANSACTION
- control field: 20180830115110.0
008 - FIXED-LENGTH DATA ELEMENTS
- fixed length control field: 180830|| aca||aabn | a|a d
040 ## - CATALOGING SOURCE
- Original cataloging agency: ARRUPE
- Transcribing agency: ARRUPE
100 ## - HEADING--PERSONAL NAME
- Personal name: Ewing, A. C.
- Fuller form of name: (Alfred Cyril),
- Dates associated with a name: 1899-1973.
670 ## - SOURCE DATA FOUND
- Source citation: Work cat.: (ARRUPE)0: Ewing, A. C. (Alfred Cyril), 1899-1973., Second thoughts in moral philosophy., [1959]